000 00764cam a22002291 4500
001 he 66001545
003 DLC
005 20260227111441.0
008 840406s1964 is 000 0 heb
010 _ahe 66001545
035 _a(OCoLC)19168574
040 _aDLC
_cMH
_dUU
_dDLC
042 _apremarc
050 0 0 _aDS126
_b.P62
245 0 0 _aBi-netiv ha-maʻpilim /
_cba-ʻarikhat Zevulun Poran.
260 _aJerusalem :
_bha-Ḳeren ha-ḳayemet le-Yiśraʼel, ha-Maḥlaḳah le-ḥinukh ule-noʻar,
_c[1964 or 1965]
300 _a87 p. :
_bill., facsims. ;
_c15 cm.
651 0 _aPalestine
_xEmigration and immigration.
700 1 _aPoran, Zevulun,
_eed.
710 2 _aJewish National Fund.
_bYouth and Education Department.
752 _aIsrael
_dJerusalem
999 _c31924
_d31924